书目信息 |
| 题名: |
统计学原理
|
|
| 作者: | 栗方忠 主编 | |
| 分册: | ||
| 出版信息: | 大连 东北财经大学出版社 1992.05 |
|
| 页数: | ||
| 开本: | 20cm | |
| 丛书名: | ||
| 单 册: | ||
| 中图分类: | C8 | |
| 科图分类: | ||
| 主题词: | 统计学--高等学校: 技术学校--教材 , 统计学 | |
| 电子资源: | ||
| ISBN: | 7-81005-573-9 | |
| 000 | 00648nam2 2200229 45 | |
| 001 | 012004000000 | |
| 005 | 20061218091859.95 | |
| 010 | @a7-81005-573-9@dCNY10.00 | |
| 100 | @a20040920e1992 em y0chiy0121 ea | |
| 101 | 0 | @achi |
| 102 | @aCN@b210000 | |
| 105 | @aak z 000yy | |
| 200 | 1 | @a统计学原理@Atong ji xue yuan li@f栗方忠主编 |
| 210 | @a大连@c东北财经大学出版社@d1992.05@h2004.8重印 | |
| 215 | @c图, 表格@d20cm | |
| 320 | @a本书含附录与参考文献 | |
| 606 | 0 | @a统计学@x高等学校: 技术学校@j教材 |
| 606 | 0 | @a统计学 |
| 690 | @aC8@v4 | |
| 701 | 0 | @a栗方忠@Ali fang zhong@4主编 |
| 801 | 0 | @aCN@bQSSKlw@c20061218 |
| 905 | @a10447@dC8@eL375 | |
| 统计学原理/栗方忠主编.-大连:东北财经大学出版社,1992.05(2004.8重印) |
| 图, 表格;20cm |
| ISBN 7-81005-573-9:CNY10.00 |
| ● |
| 相关链接 |
|
|
|
正题名:统计学原理
索取号:C8/L375
 
预约/预借
| 序号 | 登录号 | 条形码 | 馆藏地/架位号 | 状态 | 备注 |
| 1 | 444216 | 204442166 | 社科库509/ [索取号:C8/L375] | 在馆 |